| 000 | 01246cam a2200301 a 4500 | ||
|---|---|---|---|
| 001 | 934310 | ||
| 005 | 20000913131506.0 | ||
| 008 | 830901s1984 enkaf | 001 0 eng d | ||
| 010 | _a 83019345 | ||
| 020 | _a0198229607 | ||
| 040 |
_aDLC _cDLC _dDLC |
||
| 043 |
_ae-uk--- _aaw----- _aa-is--- |
||
| 050 | 0 | 0 |
_aDS63.2.G7 _bL68 1984 |
| 082 | 0 | 0 |
_a327.41056 _219 _bLOU |
| 100 | 1 |
_aLouis, William Roger, _d1936- _915720 |
|
| 245 | 1 | 4 |
_aThe British Empire in the Middle East, 1945-1951 : _bArab Nationalism, the United States, and Postwar Imperialism / _cBy Wm. Roger Louis. |
| 250 | _bReprinted 2006. | ||
| 260 |
_aOxford : _bOxford University Press, _cc1984. |
||
| 300 |
_axvii, 803 p. : _bmaps; _c25 cm. |
||
| 504 | _aIncludes bibliographical references and index. | ||
| 541 | _aBacca ; | ||
| 651 | 0 |
_aMiddle East _xForeign relations _zGreat Britain. _915721 |
|
| 651 | 0 |
_aGreat Britain _xForeign relations _zMiddle East. _915722 |
|
| 651 | 0 |
_aGreat Britain _xForeign relations _y1945-1964. _915723 |
|
| 906 |
_a7 _bcbc _corignew _d1 _eocip _f19 _gy-gencatlg |
||
| 942 |
_2ddc _cARCH |
||
| 999 |
_c14340 _d14340 |
||